عرض عادي عرض مارك
  • Eye Diseases

مدخل مصطلح موضوعي

عدد التسجيلات المستخدمة في: 4

001 - رقم الضبط

  • حقل الضبط: 15930

003 - معرف رقم الضبط

  • حقل الضبط: OSt

005 - تاريخ ووقت أخر عملية

  • حقل الضبط: 20120623110403.0

008 - عناصر بيانات ثابتة الطول

  • حقل تحكم ثابت الطول: 120623|||a|||||| | ||| d

040 ## - مصدر الفهرسة

  • هيئة الفهرسة الأصلية: OSt
  • وكالة الكتابة: OSt

150 ## - مدخل-- مصطلح تاريخي

  • عنصر مدخل المصطلح الموضوعي او الاسم الجغرافي: Eye Diseases
  • تفريع عام: diagnosis.

670 ## - بيانات المصدر موجوده

  • الاستشهاد بالمصدر: Work cat.: (OSt)0: Kanski, Jack J. 15927, Clinical diagnosis in ophthalmology /, 2006.